| 000 | 00601nam a22002297a 4500 | ||
|---|---|---|---|
| 005 | 20170124110204.0 | ||
| 010 | _aA-817344 | ||
| 020 | _c00.00 | ||
| 035 | _aA-817344 | ||
| 037 | _bCen Lib/Ret | ||
| 040 |
_aDPL _bEN |
||
| 082 |
_a001.64 _bRAJ |
||
| 100 |
_aRajaraman, C. _936802 |
||
| 245 |
_aComputer primer / _cby C. Rajaraman |
||
| 260 |
_aDelhi _c1986 |
||
| 270 |
_aDelhi _bDelhi |
||
| 300 |
_aix, 484p. : _c22cm(Hb) _bill. |
||
| 500 | _aIncludes index | ||
| 650 |
_aComputer Science _9116512 |
||
| 650 |
_aComputer Technology _93531 |
||
| 942 |
_2ddc _cEN _h001.64 _mRAJ |
||
| 999 |
_c133096 _d133096 |
||